Logo BPK

Biblioteka

Politechniki Koszalińskiej

Ilustrowany słownik samochodowy 6-języczny = (Rekord nr 33749)

Szczegóły MARC
000 -ETYKIETA REKORDU
podpole kontrolne o stałej długości 02091cam a2200481 i 4500
001 - NUMER KONTROLNY REKORDU
pole kontrolne 33749
003 - IDENTYFIKATOR NUMERU KONTROLNEGO REKORDU
podpole kontrolne KOSZ 005
005 - DATA OSTATNIEJ MODYFIKACJI REKORDU
podpole kontrolne 20211105150519.0
008 - POLE O STAŁEJ DŁUGOŚCI - DANE KONTROLNE
podpole kontrolne o stałej długości 980702s1996 pl a d |001 0 pol
015 ## - NUMER BIBLIOGRAFII NARODOWEJ
Numer bibliografii narodowej PB 1996/9648
020 ## - MIĘDZYNARODOWY ZNORMALIZOWANY NUMER KSIĄŻKI - ISBN
ISBN 8320602343
040 ## - ŹRÓDŁO KATALOGOWANIA
Instytucja, która sporządziła opis WA N
Instytucja, która utworzyła rekord WA N
Instytucja, która dokonała modyfikacji KOSZ 005/HR
041 0# - KOD JĘZYKA
Kod języka tekstu pol
-- fre
-- ger
-- ita
-- rus
080 ## - UNIWERSALNA KLASYFIKACJA DZIESIĘTNA - UKD
UKD 629.33
080 ## - UNIWERSALNA KLASYFIKACJA DZIESIĘTNA - UKD
UKD (038)=00
100 1# - NAZWA OSOBOWA
Nazwa osobowa Blok, Czesław
Określenie rodzaju współpracy Autor
245 10 - TYTUŁ/ODPOWIEDZIALNOŚĆ
Tytuł Ilustrowany słownik samochodowy 6-języczny =
Ciąg dalszy tytułu Dictionnaire illustré en 6 langues = 6 [six]-language illustrated dictionary of the car = Illustrierte 6-sprachiges kraftfahrtechnisches Wörterbuch = Dizionario automobilistico illustrato in 6 lingue = Illjustrirovannyj 6-jazyčnyj avtomobil'nyj slovar' : polski, francuski, angielski, niemiecki, włoski, rosyjski /
Pozostałe elementy strefy tytułu i oznaczenia odpowiedzialności Czesław Blok, Wiesław Jeżewski ; [tł. Bogdan Moszoro et al.].
246 31 - WARIANT TYTUŁU
Tytuł Dictionnaire illustré en 6 langues.
246 31 - WARIANT TYTUŁU
Tytuł Six-language illustrated dictionary of the car.
246 31 - WARIANT TYTUŁU
Tytuł Illustrierte 6-sprachiges kraftfahrtechnisches Wörterbuch.
246 31 - WARIANT TYTUŁU
Tytuł Dizionario automobilistico illustrato in 6 lingue.
246 31 - WARIANT TYTUŁU
Tytuł Illjustrirovannyj 6-jazyčnyj avtomobil'nyj slovar'
246 30 - WARIANT TYTUŁU
Tytuł Ilustrowany słownik samochodowy sześciojęzyczny
250 ## - STREFA WYDANIA
Oznaczenie wydania [Wyd. 6].
260 ## - STREFA ADRESU WYDAWNICZEGO
Miejsce wydania Warszawa :
Nazwa wydawcy/dystrybutora Wydawnictwa Komunikacji i Łączności,
Data publikacji, dystrybucji/powstania dokumentu 1996.
300 ## - STREFA OPISU FIZYCZNEGO
Objętość 681, [7] s. :
Inne cechy fizyczne rys. ;
Rozmiary 17 x 24 cm.
380 ## - FORMA I TYP PUBLIKACJI
Forma i typ publikacji Książki
380 ## - FORMA I TYP PUBLIKACJI
Forma i typ publikacji Publikacje informacyjne
388 ## - CZAS POWSTANIA
Czas powstania 1901-2000
388 ## - CZAS POWSTANIA
Czas powstania 1989-2000
504 ## - UWAGA DOTYCZĄCA BIBLIOGRAFII
Informacje o bibliografii Indeksy.
650 #4 - HASŁO PRZEDMIOTOWE W FORMIE NAZWY OGÓLNEJ LUB JEDNOSTKOWEJ
Nazwa ogólna lub geograficzna Samochody
650 #4 - HASŁO PRZEDMIOTOWE W FORMIE NAZWY OGÓLNEJ LUB JEDNOSTKOWEJ
Nazwa ogólna lub geograficzna Terminologia
655 #4 - TERMIN INDEKSOWY - OKREŚLENIE RODZAJU/FORMY DOKUMENTU
Określenie rodzaju/formy dokumentu Słownik wielojęzyczny
655 #4 - TERMIN INDEKSOWY - OKREŚLENIE RODZAJU/FORMY DOKUMENTU
Określenie rodzaju/formy dokumentu Słownik terminologiczny
658 ## - TERMIN INDEKSOWY - PRZEDMIOT PROGRAMU NAUCZANIA
Główny przedmiot programu nauczania Inżynieria i technika
658 ## - TERMIN INDEKSOWY - PRZEDMIOT PROGRAMU NAUCZANIA
Główny przedmiot programu nauczania Językoznawstwo
700 1# - HASŁO DODATKOWE - NAZWA OSOBOWA
Nazwa osobowa Moszoro, Bogdan
Określenie związku między hasłem a opisywanym materiałem Tłumaczenie
700 1# - HASŁO DODATKOWE - NAZWA OSOBOWA
Nazwa osobowa Jeżewski, Wiesław
Określenie związku między hasłem a opisywanym materiałem Autor
710 2# - HASŁO DODATKOWE - NAZWA CIAŁA ZBIOROWEGO
Nazwa ciała zbiorowego lub jednostki geograficznej Wydawnictwa Komunikacji i Łączności
Kod określenia powiązania pbl.
856 ## - LOKALIZACJA I DOSTĘP DO ELEKTRONICZNYCH DOKUMENTÓW ZDALNYCH
Link (URL) http://koha.tu.koszalin.pl/cgi-bin/koha/opac-detail.pl?biblionumber=33749
Tekst linku Katalog online BPK
942 ## - DODATKOWE ELEMENTY (KOHA)
Schemat klasyfikacji Uniwersalna Klasyfikacja Dziesiętna
Typ dokumentu Książka
Egzemplarze
Wycofany Status egzemplarza Uszkodzony Dostępność Lokalizacja stała Lokalizacja bieżąca Miejsce przechowywania Sygnatura Kod kreskowy Dział Typ dokumentu
      Tylko na miejscu Biblioteka Politechniki Koszalińskiej Biblioteka Politechniki Koszalińskiej Czytelnia BG 45077 01340228 629.33 Samochody Książka
© 2023 Biblioteka Politechniki Koszalińskiej :: KOHA